000 01281cpcaa2200313 a 4500
001 mm2010085534
003 DLC
005 20260227111732.0
008 100311|||||||||||| eng
010 _amm2010085534
040 _aDLC
_edacs
_cDLC
_dDLC
072 7 _aW
_2lcmd
100 1 _aWaid, Lester B.
245 0 0 _aLester B. Waid correspondence,
_f1863.
300 _a1
_fitem.
506 0 _aOpen to research.
520 8 _aALS (1863 January 7; Mississippi River) from Waid to his cousin, Francis C. Waid, written while serving aboard the USS Baron De Kalb (Gunboat). Relates chiefly to military operations on the Yazoo River, Miss., and elsewhere, and to the Union cause.
545 0 _aUnion Army soldier.
546 _aCollection material in English.
580 _aForms part of: Miscellaneous Manuscripts collection.
600 1 0 _aWaid, Francis C.,
_d1833-
_vCorrespondence.
610 2 0 _aBaron De Kalb (Gunboat)
651 0 _aMississippi
_xHistory
_yCivil War, 1861-1865.
651 0 _aUnited States
_xHistory
_yCivil War, 1861-1865.
651 0 _aYazoo River (Miss.)
656 7 _aSoldiers.
_2itoamc
999 _c44827
_d44827